Playable Characters in Fire Emblem Fates - Statistics

General Stats
  • This quiz has been taken 1,096 times
  • The average score is 50 of 69
Answer Stats
Path Available Answer % Correct
All Paths Corrin
98%
All Paths Azura
95%
Birthright Ryoma
95%
Birthright Sakura
94%
Birthright Takumi
94%
Conquest Xander
94%
Conquest Camilla
93%
Conquest Leo
93%
Conquest Elise
92%
Birthright Hinoka
89%
All Paths Felicia
88%
All Paths Kaze
88%
Conquest Odin
88%
All Paths Jakob
85%
Conquest Laslow
84%
Conquest Selena
84%
Conquest Arthur
82%
All Paths Kana
82%
Conquest Niles
82%
Birthright Saizo
81%
Conquest Flora
79%
Birthright Hana
79%
Birthright Oboro
79%
Conquest Peri
78%
Conquest Beruka
77%
Conquest Effie
77%
Birthright Hinata
77%
Birthright Subaki
76%
Birthright Azama
75%
All Paths Silas
75%
Conquest Gunter
74%
Birthright Kagero
74%
All Paths Shigure
74%
All Paths (DLC) Anna
73%
All Paths Midori
72%
Birthright Setsuna
72%
Conquest Forrest
71%
Conquest Benny
70%
Conquest Charlotte
70%
Birthright Rhajat
69%
Conquest Siegbert
69%
Birthright Caeldori
68%
Conquest Ophelia
68%
Conquest Soleil
67%
Birthright Kaden
66%
Conquest Nina
66%
Conquest Keaton
65%
Birthright Rinkah
65%
Birthright Asugi
64%
All Paths Dwyer
64%
Conquest Nyx
64%
Birthright Orochi
64%
Birthright Shiro
64%
Birthright Hayato
63%
Birthright Scarlet
63%
All Paths Sophie
63%
Birthright/Conquest Only Izana
60%
Conquest Percy
60%
Birthright Selkie
60%
Revelations Only Fuga
59%
Birthright Reina
59%
Conquest Velouria
58%
Birthright Kiragi
57%
All Paths Mozu
57%
All Paths Shura
57%
Birthright Yukimura
53%
Birthright Hisame
52%
Conquest Ignatius
51%
Birthright Mitama
51%
No matching quizzes found
Score Distribution
Percent of People with Each Score
Percentile by Number Answered
Your Score History
You have not taken this quiz